000 01026nam a2200241 a 4500
001 000044734
005 20201002045603.0
008 150108s2011 dr ac 000 0 spa d
020 _a9789945131499
040 _aDO-SdBNP
_bspa
_cBNPHU
082 _a334.683
_bS232r
100 1 _aSantana, Fidel,
_d1965-
_972736
245 1 0 _aResistencia y colectivismo en los convites campesinos de la provincia San Cristóbal /
_cFidel Santana ; presentación Marisela Duval ; prólogo Dagoberto Tejeda Ortiz.
260 _aSanto Domingo :
_bMediabyte,
_c2011.
300 _a206 p. :
_bil., retrs. ;
_c22 cm.
504 _aBibliografía : p. 191-200
500 _aIncluye referencias bibliográficas y notas al pie de las páginas
590 _aInventariado, 2018/LP
610 2 4 _aASOCIACIÓN DE CONVITE CAMPESINO EL HIGUERITO
_972737
650 4 _aCooperativas agricolas
_zRepública Dominicana, San Cristóval
_972738
650 4 _aCampesinos
_zRepública Dominicana, San Cristóbal
_972739
910 _aValidado. Control de calidad MFF
999 _c44223
_d44223